| 000 | 01536cam a22003375a 4500 | ||
|---|---|---|---|
| 001 | 17482972 | ||
| 005 | 20160825100019.0 | ||
| 008 | 121003s2012 flua frb 001 0 eng d | ||
| 010 | _a 2011277791 | ||
| 015 |
_aGBB215340 _2bnb |
||
| 016 | 7 |
_a016030958 _2Uk |
|
| 020 | _a9781439851685 (alk. paper) | ||
| 020 | _a1439851689 (alk. paper) | ||
| 035 | _a(OCoLC)ocn778273288 | ||
| 040 |
_aUKMGB _beng _cUKMGB _dEG-ScBUE |
||
| 042 | _alccopycat | ||
| 082 | 0 | 4 |
_222 _a005.1 _bOTE |
| 100 | 1 |
_aOtero, Carlos E. _q(Carlos Enrique). _940885 |
|
| 245 | 1 | 0 |
_aSoftware engineering design : _btheory and practice / _cCarlos E. Otero. |
| 260 |
_aBoca Raton, Florida : _bCRC Press, _cc.2012. |
||
| 300 |
_axxi, 346 p. : _bill. ; _c26 cm. |
||
| 490 | 0 | _aApplied software engineering | |
| 500 | _a"Auerbach book." | ||
| 500 | _aIndex : p. 341-346. | ||
| 504 | _aIncludes bibliographical references. | ||
| 505 | 0 | _a1. Introduction to software engineering design -- 2. Software design with unified modeling language -- 3. Principles of software architecture -- 4. Patterns and styles in software architecture -- 5. Principles of detailed design -- 6. Creational design patterns in detailed design -- 7. Structural and behavioral patterns in detailed design -- 8. Principles of construction design -- 9. Human-computer interface design -- 10 Software design management, leadership, and ethics. | |
| 650 | 7 |
_aSoftware engineering. _2BUEsh _93832 |
|
| 651 | _2BUEsh | ||
| 653 |
_bCOMSCI _cAugust 2016 |
||
| 942 |
_2ddc _e22 _k005.1 OTE |
||
| 999 |
_c22235 _d22207 |
||